LIBRARY ONLINE CATALOGUE

Know the truth : (Record no. 9850)

MARC details
000 -LEADER
fixed length control field 00501nam a22001692 4500
001 - CONTROL NUMBER
control field 0000023524
005 - DATE AND TIME OF LATEST TRANSACTION
control field 20151217152242.0
008 - FIXED-LENGTH DATA ELEMENTS--GENERAL INFORMATION
fixed length control field 130211s xx 000 0 eng d
040 ## - CATALOGING SOURCE
Original cataloging agency KABU
Transcribing agency KABU
100 1# - MAIN ENTRY--PERSONAL NAME
Personal name Kitur, J. K.
-- 0000182960
245 10 - TITLE STATEMENT
Title Know the truth :
Remainder of title characteristics of cults.
500 ## - GENERAL NOTE
General note Photocopy. Personal. To be withdrawn after use.
908 ## - PUT COMMAND PARAMETER (RLIN)
Put command parameter 130211
950 ## - LOCAL HOLDINGS (RLIN)
-- 1
Holdings
Withdrawn status Lost status Source of classification or shelving scheme Not for loan Home library Current library Date acquired Total Checkouts Full call number Barcode Date last seen Price effective from Koha item type
    Library of Congress Classification   Kabarak, Main Campus Kabarak, Main Campus 17/12/2015   BL820 .K58 c. 1 014383 17/12/2015 17/12/2015 General Collection
    Library of Congress Classification   Kabarak, Main Campus Kabarak, Main Campus 17/12/2015   BL820 .K58 c. 2 014382 17/12/2015 17/12/2015 General Collection